00941cam a22002651i 4500001001300000003000400013005001700017008004100034010001700075035001900092040003800111050002200149082001200171086001600183100004500199245008400244260004900328300006800377410005700445500005300502504003100555651003400586650003800620999001700658gs 59000174 DLC20260227111408.0780317s1959 dcuabd b f000 0 eng  ags 59000174  a(OCoLC)3727007 aDLCcOClUdOCoLCdISSdOCoLCdDLC00aQE75b.P9 no. 296 a557.8680 aI 19.16:2961 aRoss, Clyde P.q(Clyde Polhemus),d1891-10aGeology of Glacier National Park and the Flathead region, northwestern Montana. aWashington :bU.S. Govt. Print. Off.,c1959. aiv, 125 p. :bill., maps (part col.) diagrs., tables. ;c30 cm.20aGeological Survey (U.S.).tProfessional paper ;v296 aThree colored maps and colored diagr. in pocket. aBibliography : p. 118-121. 0aGlacier National Park (Mont.) 0aGeologyzMontanazFlathead region c29346d29346